000 00219nam a2200097Ia 4500
008 170627s9999 xx 000 0 und d
100 _aGUPTA-SHASHI K.
245 0 _aFINANNCIAL MANAGEMENT
260 _bKALAYANI
260 _c2010
546 _aENGLISH
999 _c35771
_d35771